Československé NC stroje

Salvato in:
Dettagli Bibliografici
Autore principale: Lafek, Stanislav (Autore)
Natura: Libro
Lingua:ceco
Pubblicazione: Ostrava : Dům techniky, 1976
Soggetti:
Tags: Aggiungi Tag
Nessun Tag, puoi essere il primo ad aggiungerne!!

MARC

LEADER 00000nam a22000003a 4500
001 stu84201
005 20150617225635.3
008 040223s1976----cs------------------cze-d
040 |a STU  |b slo 
041 0 |a cze 
044 |a cs 
080 |a 621.9  |7 stu_us_auth*stu8061 
100 1 |a Lafek, Stanislav  |4 aut 
245 1 |a Československé NC stroje 
260 |a Ostrava :  |b Dům techniky,  |c 1976 
300 |a 114 s 
650 7 |a NC obrábacie stroje  |2 stusub 
996 |b 284J016555  |c J*49944  |l JJSK  |s A  |a 24  |w stu84201_0001